[Event "IND-ch U13 35th"]
[Site "Puducherry"]
[Date "2022.12.11"]
[Round "2"]
[White "Shashank, VS."]
[Black "Aakash, G2222"]
[Result "0-1"]
[WhiteElo "1393"]
[BlackElo "1830"]
[PlyCount "82"]
[EventDate "2022.12.11"]
[EventType "swiss"]
[EventRounds "11"]
[EventCountry "IND"]
[SourceTitle "EXT 2024"]
[Source "ChessBase"]
[SourceDate "2023.10.10"]
[SourceVersion "1"]
[SourceVersionDate "2023.10.10"]
[SourceQuality "1"]

1. d4 d5 2. Nc3 Nf6 3. Bg5 c5 4. e3 Nc6 5. Qd2 Bf5 6. Bb5 e6 7. Nf3 Rc8 8. 0-0 h6 9. Bh4 a6 10. Bd3 Bxd3 11. Qxd3 cxd4 12. exd4 Be7 13. Rac1 0-0 14. Nb1 b5 15. c3 Ne4 16. Bxe7 Qxe7 17. Nbd2 f5 18. Qe3 Qc7 19. Rfd1 Rf6 20. Ne1 Rcf8 21. f3 f4 22. Qe2 Nd6 23. Nd3 Nf5 24. Re1 Rg6 25. Qf2 Rff6 26. Nf1 Rg5 27. Re2 Rfg6 28. Qe1 e5 29. h4 Rh5 30. Nxe5 Nxe5 31. Rxe5 Nxh4 32. Rxh5 Nxf3+ 33. Kf2 Nxe1 34. Rxe1 b4 35. Rc1 bxc3 36. Rxc3 Qb6 37. Rc8+ Kh7 38. Rxd5 Qxb2+ 39. Ke1 Qa1+ 40. Kf2 Qxa2+ 41. Ke1 Qxd5 0-1